• 首页
  • 本馆介绍
  • 公告通知
  • 最新文献
  • 馆藏检索
  • 电子资源
  • 读者导购
  • 参考咨询
  • 我的图书馆
  • 登录
  • 详细信息显示
  • 放入我的书架
  • 预约/预借图书
  • 作者相关作品
  • 分类相关作品
  • 丛书相关作品
  • 出版社相关作品

书目信息

  • 表格格式
  • 工作单格式
  • 卡片格式
题名:
遗传工程的应用与展望
    
 
作者: 毛盛贤 , 刘国瑞 编著
分册:  
出版信息: 北京   北京师范大学出版社  1986
页数: 133页
开本: 19cm
丛书名:
单 册:
中图分类: Q78
科图分类:
主题词: 遗传工程
电子资源:
ISBN:
000 00594nam0 2200205 45
001 0405250940
005 20060310100813.45
010    @dCNY0.85
091    @a113243.44
100    @a20040525d1986 km y0chiy0120 ea
101 0  @achi
200 1  @a遗传工程的应用与展望@AYi Chuan Gong Cheng De Ying Yong Yu Zhan Wang@f毛盛贤,刘国瑞编著@FMao Sheng Xian,Liu Guo Rui Bian Zhu
210    @a北京@c北京师范大学出版社@d1986
215    @a133页@d19cm
606 0  @a遗传工程
690    @aQ78@v3
701  0 @a毛盛贤@4编著
701  0 @a刘国瑞@4编著
801    @aCN@bTSTCL@c20060310
905    @dQ78@e15@f1@b237590
    
    遗传工程的应用与展望/毛盛贤,刘国瑞编著.-北京:北京师范大学出版社,1986
    133页;19cm
    
    
    ISBN :CNY0.85
    
●
相关链接 在E读中查询图书 在五车中查询图书 在当当中查询图书 在豆瓣中查询图书


正题名:遗传工程的应用与展望     索取号:Q78/15         预约/预借

序号 登录号 条形码 馆藏地/架位号 状态 备注
1 0237590   001956556   第三借阅区/ [索取号:Q78/15] 在馆    
2 0237591   000703331   第二样本阅览室/ [索取号:Q78/15] 在馆    
3 0237592   202196202   密集书库/ [索取号:Q78/15] 在馆    
4 0237593   000703340   第三借阅区/ [索取号:Q78/15] 在馆    
5 0237594   202196168   密集书库/ [索取号:Q78/15] 在馆    
唐山师范学院图书馆 欢迎您!
大连网信软件有限公司© 版权所有